<?xml version="1.0" encoding="UTF-8"?>
<marc:record xmlns:marc="http://www.loc.gov/MARC21/slim">
   <marc:leader>00000nam a2200000 a 4500</marc:leader>
   <marc:datafield ind1="1" ind2=" " tag="100">
      <marc:subfield code="a">Hafer Hertha</marc:subfield>
      <marc:subfield code="4">aut</marc:subfield>
      <marc:subfield code="e">Verfasser/-in</marc:subfield>
   </marc:datafield>
   <marc:datafield ind1=" " ind2=" " tag="653">
      <marc:subfield code="a">Medizin</marc:subfield>
   </marc:datafield>
   <marc:datafield ind1="0" ind2="0" tag="245">
      <marc:subfield code="a">Die heimliche Droge - Nahrungsphosphat</marc:subfield>
   </marc:datafield>
   <marc:datafield ind1="0" ind2="0" tag="245">
      <marc:subfield code="b">Ursache für Verhaltensstörungen, Schulversagen und Jugendkriminalität</marc:subfield>
   </marc:datafield>
   <marc:datafield ind1=" " ind2="1" tag="264">
      <marc:subfield code="b">Kriminalistik</marc:subfield>
      <marc:subfield code="c">1986</marc:subfield>
   </marc:datafield>
   <marc:datafield ind1="1" ind2=" " tag="520">
      <marc:subfield code="a">Verhaltensauffälligkeiten bei Kindern und Jugendlichen können durch Hirnfunktionsstörungen verursacht sein. Das als -Minimale zerebrale Dysfunktion- (MzD) bekannte Krankheitsbild führt die Autorin in erster Linie auf ein Übermaß an Phosphaten in der Nahrung zurück. Diese nahrungsbedingten Störungen haben in den letzten Jahren aufgrund veränderter Ernährungsgewohnheiten massiv zugenommen. Der Band enthält neben aufschlußreichen Erfahrungsberichten MzD-betroffener Personen einen, insbesondere für den medizinischen Laien, verständlichen Überblick über wissenschaftliche Erkenntnisse in der MzD-Forschung. Eltern MzD-betroffener Kinder und Jugendlicher werden darüber hinaus zahlreiche erprobte Ratschläge für eine phosphatarme Ernährung an die Hand gegeben. Verständnis und die strikte Anwendung des vorgestellten Diätplans sollen den MzD-Betroffenen zu einem normalen Leben verhelfen. </marc:subfield>
   </marc:datafield>
   <marc:datafield ind1=" " ind2=" " tag="020">
      <marc:subfield code="a">9783783217858</marc:subfield>
      <marc:subfield code="9">9783783217858</marc:subfield>
   </marc:datafield>
</marc:record>
